000 00328 a2200157 4500
001 73611
020 _a
040 _cAnchieta - Colégio São Paulo
100 _aPereira, Antonio Olavo
240 1 0 _aMarcoré
_lpor
245 1 0 _aMarcoré
300 _a240
362 0 _a1973
650 4 _aFicção brasileira
942 _cBK
999 _c73611
_d73611